Представление документа в формате MARC21

Поле Инд. ПП Название Значение
Тип записи a
Библиографический уровень a
001 Контрольный номер 0add9ff19f83412488a19644bfed0f66
005 Дата корректировки 20160217140727.6
040 a Служба первич. каталог. НБ ТвГУ
b Код языка каталог. rus
e Правила каталог. PSBO
041 0_ a Код языка текста rus
097 b Оператор novikova
100 1_ a Автор Урывская Ольга Юрьевна
q Полное имя Урывская О. Ю.
245 10 a Заглавие Программа проведения в школе Дня защитника Отечества: русская культурная традиция
260 a Место издания Москва
b Издательство Эврика
440 _0 a Серия Библиотека культурно-образовательных инициатив
520 0_ a Аннотация Школьную традицию проведение Дня защитника Отечества мы создавали сами. Гражданскую церемонию для такого События мы посчитали недостаточной. Чтобы сделать Событие более понятным детям, мы использовали опыт проведения подобных церемоний в системе патриотического воспитания русского православного Зарубежья.
653 0_ a Ключевые слова День защитника Отечества
a Ключевые слова Школа
a Ключевые слова Культурная традиция
a Ключевые слова Русская традиция
a Ключевые слова Патриотическое воспитание
a Ключевые слова Церемония Памяти погибших воинов
a Ключевые слова Свеча
773 18 w Контрольный № источника RU/IS/BASE/386697392
t Название источника Школа родной культуры, или Педагогика праздника
d Место и дата издания Москва : Эврика, 2005
g Прочая информация С. 86-98
901 t Тип документа a
920 a Оператор Нови